<Die> Handelsvertretung. Moderner Vertriebsweg mit vielen Vorteilen - ein aktuelles Portrait.

Význam obchodného zastúpenia pre hospodárstvo. Nezastupiteľná úloha obchodných sprostredkovateľských spoločností v odbytovej oblasti. Odbytové náklady a obchodné zastúpenie. Porovnanie obchodného zástupcu a obchodného cestujúceho. Obchodné zastúpenie a jeho výhody pre zákazníka.

Na minha lista:
Detalhes bibliográficos
Autor principal: Paffhausen, A.
Formato: Capítulo de Livro
Idioma:alemão
Assuntos:
Tags: Adicionar Tag
Sem tags, seja o primeiro a adicionar uma tag!

MARC

LEADER 00000naa a2200000 4500
001 r009799
005 20221208122837.2
041 0 |a ger 
044 |a DE 
245 1 0 |a <Die> Handelsvertretung.  |b Moderner Vertriebsweg mit vielen Vorteilen - ein aktuelles Portrait.  |c A. Paffhausen 
520 |a Význam obchodného zastúpenia pre hospodárstvo. Nezastupiteľná úloha obchodných sprostredkovateľských spoločností v odbytovej oblasti. Odbytové náklady a obchodné zastúpenie. Porovnanie obchodného zástupcu a obchodného cestujúceho. Obchodné zastúpenie a jeho výhody pre zákazníka. 
610 2 0 |a organizácie odbytové 
610 2 0 |a zákazníci 
610 2 0 |a spoločnosti obchodné 
610 2 0 |a cesty odbytové 
610 2 0 |a náklady odbytové 
100 1 |a Paffhausen, A.